Statistics for Scottish Championship Clubs by Badges

Click here to take the quiz!

General Stats

  • This quiz has been taken 23 times
  • The average score is 7 of 10

Answer Stats

Answer % Correct
Heart of Midlothian
100%
Alloa Athletic
67%
Inverness Caledonian Thistle
67%
Ayr United
67%
Dunfermline Athletic
67%
Greenock Morton
67%
Raith Rovers
58%
Dundee
58%
Arbroath
58%
Queen of the South
50%

Score Distribution

Percentile by Number Answered

Percent of People with Each Score

Your Score History

You have not taken this quiz